| 000 | 01171nam a22003257a 4500 | ||
|---|---|---|---|
| 001 | 0002285 | ||
| 003 | KOHA_MİRAKIL | ||
| 005 | 20260207001309.0 | ||
| 007 | ta | ||
| 008 | 090224b2000 tu |||gr||||#||||1|tur | | ||
| 020 |
_a9751612373 _cTL0,01 |
||
| 040 |
_aTR-BiSEU _btur _cTR-BiSEU _erda |
||
| 041 | 0 | _atur | |
| 044 | _ctu | ||
| 050 |
_aPL233.7 _b.I53 2000 |
||
| 100 | 1 | _aİnal, İbnü'l Emin Mahmud Kemal . | |
| 245 | 1 |
_aSon asır Türk şairleri : _b(Kemâlü'ş-Şuarâ)/ _cİbnü'l Emin Mahmud Kemal İnal ; İbnü'l Emin Mahmud Kemal İnal. |
|
| 264 | 1 |
_aAnkara : _bAtatürk Yüksek Kurumu Atatürk Kültür Merkezi Başkanlığı _c2000 |
|
| 300 | _a5 c.; 25 cm. | ||
| 336 |
_ametin _btxt _2rdacontent |
||
| 337 |
_aaracısız _bn _2rdamedia |
||
| 338 |
_acilt _bnc _2rdacarrier |
||
| 490 | 1 |
_aAtatürk Yüksek Kurumu Atatürk Kültür Merkezi yayını ; _v242. |
|
| 490 | 1 |
_aTezkireler dizisi ; _v5. |
|
| 650 | 0 |
_aTürk Edebiyatı Tarihçel. _96717 |
|
| 650 | 0 |
_aTürk yazarları Biyografi. _96718 |
|
| 830 | 1 |
_aAtatürk Yüksek Kurumu Atatürk Kültür Merkezi yayını ; _v242. _96719 |
|
| 830 | 1 |
_aTezkireler dizisi ; _v5. _96720 |
|
| 942 |
_2lcc _cBK |
||
| 999 |
_c2272 _d2272 |
||